|
|
|
|
| LEADER |
02298nam a22004215i 4500 |
| 001 |
978-88-470-2415-1 |
| 003 |
DE-He213 |
| 005 |
20130726172721.0 |
| 007 |
cr nn 008mamaa |
| 008 |
111222s2012 it | s |||| 0|ita d |
| 020 |
|
|
|a 9788847024151
|9 978-88-470-2415-1
|
| 024 |
7 |
|
|a 10.1007/978-88-470-2415-1
|2 doi
|
| 040 |
|
|
|d GrThAP
|
| 050 |
|
4 |
|a RD1-811
|
| 072 |
|
7 |
|a MN
|2 bicssc
|
| 072 |
|
7 |
|a MED085000
|2 bisacsh
|
| 082 |
0 |
4 |
|a 617
|2 23
|
| 100 |
1 |
|
|a Ribes, Ramón.
|e author.
|
| 245 |
1 |
0 |
|a Inglese per chirurghi
|h [electronic resource] /
|c by Ramón Ribes, Pedro J. Aranda, John Giba.
|
| 264 |
|
1 |
|a Milano :
|b Springer Milan :
|b Imprint: Springer,
|c 2012.
|
| 300 |
|
|
|a XII, 244pagg.
|b online resource.
|
| 336 |
|
|
|a text
|b txt
|2 rdacontent
|
| 337 |
|
|
|a computer
|b c
|2 rdamedia
|
| 338 |
|
|
|a online resource
|b cr
|2 rdacarrier
|
| 347 |
|
|
|a text file
|b PDF
|2 rda
|
| 520 |
|
|
|a Una solida conoscenza di base dell’inglese è necessaria per qualsiasi chirurgo che voglia tenersi al passo con gli aggiornamenti nel proprio campo. Parlare con sicurezza un buon inglese di ambito chirurgico è essenziale per lo sviluppo professionale: permette di trattare senza difficoltà pazienti anglofoni, studiare e lavorare all’interno di ospedali stranieri, parlare a meeting plurilingui e scrivere articoli su riviste internazionali. Questo volume fornisce gli strumenti base per affrontare senza stress le situazioni più comuni e aiuta a migliorare l’inglese a qualsiasi livello. Uno dei pochi manuali d’inglese, se non l’unico, scritto da chirurghi e rivolto specificamente ai colleghi della medesima disciplina: tutti gli specialisti che affrontano l’inglese come seconda lingua – chirurghi generali, toracici, vascolari, neurochirurghi, ginecologi e chirurghi plastici – vi troveranno spunti e soluzioni utili alla loro professione.
|
| 650 |
|
0 |
|a Medicine.
|
| 650 |
|
0 |
|a Surgery.
|
| 650 |
1 |
4 |
|a Medicine & Public Health.
|
| 650 |
2 |
4 |
|a Surgery.
|
| 700 |
1 |
|
|a Aranda, Pedro J.
|e author.
|
| 700 |
1 |
|
|a Giba, John.
|e author.
|
| 710 |
2 |
|
|a SpringerLink (Online service)
|
| 773 |
0 |
|
|t Springer eBooks
|
| 776 |
0 |
8 |
|i Printed edition:
|z 9788847024144
|
| 856 |
4 |
0 |
|u http://dx.doi.org/10.1007/978-88-470-2415-1
|z Full Text via HEAL-Link
|
| 912 |
|
|
|a ZDB-2-SME
|
| 950 |
|
|
|a Medicine (Springer-11650)
|